00490nam a2200157Ia 4500008004000000082001500040100002500055245001700080260003400097300000800131650001400139690001300153906001100166999001700177952013800194210210b1965 xxu||||| |||| 00| 0 eng d a741.2 FREH aFREEDMAN (Edward H). aHow to draw. aNew York.bBantam booksc1965 a126 aDrawing  aThe Arts a029169 c80391d80391 001040708Fine ArtsaALbALcFine Artsd2021-02-17g7.50l1m1o741.2 FREHp029169r2025-02-13 00:00:00s2025-01-23w2021-02-17yBK